Statystyki dla WWE Fantasy Federation 2

Kliknij tutaj aby rozwiązać quiz!

Ogólne statystyki

  • Ten quiz został rozwiązany 47 razy
  • Średni wynik to 4 z 15

Statystyki odpowiedzi

ZagadnienieOdpowiedź% Poprawnych
Gala RokuWrestleMania 33
54%
Zwycięzca II Royal Rumble Matchu MężczyznDrew McIntyre
46%
Ile razy zmienił się posiadacz pasa NXT6
37%
Najgorsza Gala RokuClash of Champion
37%
Zawodniczka RokuBecky Lynch
29%
Komu odebrał Adam Cole pas UniversalBrock Lesnar
29%
Walka I Roku FederacjiWalka o Federację
27%
Debiut RokuThe Explosivo
24%
Kto zdobył zwycięski pin w ME SummerSlamThe Explosivo
22%
Najlepsza Rywalizacja RokuRodzina McMahon vs. Nitro&The Explosivo
20%
Ilość gal PPV w I Roku federacji13
12%
Zawodnik RokuKane
12%
Zwycięzca II Royal Rumble Matchu KobietTessa Blanchard
12%
Ile razy zmienił się posiadacz pasa Universal w I Roku federacji7
10%
Ile razy zmienił się posiadacz pasa WWE w I Roku Federacji7
7%

Rozkład punktacji

Percentyl według liczby udzielonych odpowiedzi

Procent ludzi z każdym wynikiem

Twoja historia wyników

Nie rozwiązałeś tego quizu